Introducción al álgebra. nociones de álgebra lineal /
Guardado en:
| Autor Principal: | |
|---|---|
| Formato: | Libro |
| Publicado: |
Buenos Aires :
Eudeba,
1964
|
| Edición: | 3 |
| Materias: | |
| Etiquetas: |
Agregar Etiqueta
Sin Etiquetas, Sea el primero en etiquetar este registro!
|
| LEADER | 00462nam a22001695a 4500 | ||
|---|---|---|---|
| 001 | CEM.cems001825 | ||
| 005 | 20060214000000.0 | ||
| 008 | 130507s1964##################000#0#####d | ||
| 003 | CEMS | ||
| 082 | 0 | 4 | |a 512 |
| 100 | 1 | |a Cotlar, Mischa | |
| 245 | 1 | 0 | |a Introducción al álgebra. nociones de álgebra lineal / |
| 250 | |a 3 | ||
| 260 | |a Buenos Aires : |b Eudeba, |c 1964 | ||
| 300 | |a 277 | ||
| 653 | |a Matematica | ||
| 859 | |a CEMS |b BIB. CEMS - 11 de abril |h 512 |i C826a3 |p 3019.74 |t Ej.1 | ||
